Statistics for Country Wordle #1

Click here to take the quiz!

General Stats

  • This quiz has been taken 961 times
  • The average score is 11 of 24

Answer Stats

Answer% Correct
Spain
61%
China
58%
Italy
55%
Japan
55%
India
52%
Chile
47%
Palau
47%
Yemen
47%
Ghana
45%
Nepal
45%
Haiti
44%
Niger
43%
Tonga
43%
Kenya
42%
Libya
42%
Malta
42%
Samoa
42%
Nauru
41%
Qatar
41%
Syria
41%
Benin
40%
Gabon
40%
Sudan
40%
Egypt
36%

Score Distribution

Percentile by Number Answered

Percent of People with Each Score

Your Score History

You have not taken this quiz